00476nam a2200145Ia 4500008004100000041000800041082001600049100001900065245001900084260004200103300003100145365000900176999001500185952013000200240624s9999 xx 000 0 und d aeng a005.117 JAL aJALLOUL GHINWA aUML BY EXAMPLE c2004aCambridge University Press,2004 axxv, : 249 : p. : cm. ; 25 cb30 c9670d9670 00104070aIMTNbIMTNcRack 2-Ad2008-09-18eIBHg24.99n1421o005.117 JALp9670r2024-06-24 00:00:00t85.95w2024-06-24yBK